000 00402nam a2200145 a 4500
001 000041376
005 20201002034832.0
008 131001s1982 sp a 000 0 spa d
040 _aDO-SdBNP
_bspa
_cBNPHU
082 _axxxx
_bxxxx
100 1 _aMateu, Gregorio
_947487
245 1 0 _aEs posible ser feliz :
_bGregorio Mateu.
260 _aBarcelona :
_bHerder,
_c1982.
300 _a342 p. :
_bil. ;
_c22 cm.
999 _c40866
_d40866